00538nam a2200133Ia 4500008004100000100002000041245011700061245007100178260005300249260001800302300000800320650001500328856006100343170221s9999 xx 000 0 und d aAkram Ali Jouda 4aThe Impact of HRM Practices on Employees Performance: The Case of Islamic University of Gaza (IUG) in Palestine  cAkram Ali Jouda, Ungku Norulkamar Ungku Ahmad, Khalid Abed Dahleez bInternational Review of Management and Marketing cNovember 2012 a1:2 xMarketing. uhttp://www.econjournals.com/index.php/irmm/issue/view/88